000 00658nam a22002297a 4500
001 14122
003 BD-RjUL
005 20211208235556.0
008 140205s2001 ii |||| |||| 001 0 eng d
020 _a8185971889
035 _a(BD-RjUL)14174
040 _aBD-RjUL
_beng
_cBD-RjUL
_dBD-RjUL
041 _aeng
082 0 4 _a634.0954
_bSAC 2001
_223
100 1 _aSamaddar, H.N
_944117
245 0 _aCommercial Production of Horticultural Crops /
_cH.N. Samaddar
260 _aKolkata :
_bNaya Udyog,
_cc2001
300 _a192p :
_bill. ;
_c24cm
504 _aIncludes Bibliography and Index
650 0 _aTropical fruit -- India.
_944118
942 _2ddc
_cBK
999 _c14122
_d14122